00277 a2200133 4500001000700000020002200007040001100029100001200040240003500052245003000087300000700117362000900124440001000133191257 a978-85-250-4477-8 cMagnum aZiraldo10aO japão dos brasileiroslpor10aO japão dos brasileiros a640 a2008 1aGlobo